| 000 | 00324nam a2200097Ia 4500 | ||
|---|---|---|---|
| 082 | _aST 610.7368 ANKN | ||
| 245 | 0 | _aCase studies in medical-surgical, pharmacologic, and psychiatric nursing | |
| 100 |
_a ANKNER, Gina M. Clifton Park, NY, 2009 _996698 |
||
| 942 | _cBK | ||
| 008 | 210817s9999 xx 000 0 und d | ||
| 999 |
_c407408 _d407407 |
||